Les pays francophones - Statistiques

Statistiques générales
  • Ce quiz a été pris 1 611 fois
    1 577 depuis la dernière actualisation
  • Le résultat moyen est 18 sur 29
Statistiques - réponses
Continent Pays % Correct
Europe Belgique
91%
Amérique du Nord Canada
90%
Europe France
89%
Europe Suisse
88%
Afrique Sénégal
83%
Europe Luxembourg
82%
Afrique Mali
79%
Europe Monaco
77%
Afrique Côte d'ivoire
74%
Afrique Cameroun
72%
Afrique Niger
68%
Afrique Guinée
67%
Afrique Togo
65%
Afrique Bénin
63%
Afrique Gabon
60%
Afrique Tchad
60%
Amérique du Nord Haiti
57%
Afrique Madagascar
55%
Afrique Rwanda
50%
Afrique Burkina Faso
49%
Afrique Burundi
44%
Afrique Djibouti
43%
Afrique Guinée équatoriale
43%
Afrique Comores
42%
Afrique République Démocratique du Congo
42%
Océanie Vanuatu
36%
Afrique Seychelles
35%
Afrique République Centrafricaine
32%
Afrique République du Congo
29%
Aucun quiz correspondant
Distribution des résultats
% des personnes avec chaque résultat
Percentile par nombre de réponses
Votre historique - résultats
Vous n’avez pas pris ce quiz depuis la dernière actualisation